La question chinoise dans l'Internationale communiste (1926-1927).

Bewaard in:
Bibliografische gegevens
Hoofdauteur: Broué, Pierre
Formaat: Boek
Taal:Undetermined
Gepubliceerd in: Paris Études et documentation internationales 1965
Onderwerpen:
Tags: Voeg label toe
Geen labels, Wees de eerste die dit record labelt!
Thư viện lưu trữ: Trung tâm Học liệu Trường Đại học Cần Thơ
LEADER 00548nam a2200193Ia 4500
001 CTU_91992
008 210402s9999 xx 000 0 und d
082 |a 335.4 
082 |b B875 
100 |a Broué, Pierre 
245 0 |a La question chinoise dans l'Internationale communiste (1926-1927). 
245 0 |c Broué, Pierre 
260 |a Paris 
260 |b Études et documentation internationales 
260 |c 1965 
650 |a communism 
650 |z china 
904 |i Bằng 
980 |a Trung tâm Học liệu Trường Đại học Cần Thơ